00539nam a22001457a 4500003000500000005001700005008004100022020001500063050002700078100002000105245014600125260005200271300002900323440004100352SISC20190620084555.0130830t xxu||||| |||| 00| 0 eng d a1850152276 aQC 16.G35 b.W582 1994 a White, Michael aGalileo Galilei : bThe story of the brilliant Italian scholar hounded by the Inquisition because of his views on the universecMichael White aNew York : bOxford University Press, c1994.  a62 p. :bill. ;c24 cm.  aScientist who have changed the world